| 000 | 00842nam a2200229Ia 4500 | ||
|---|---|---|---|
| 003 | GCL | ||
| 008 | 140319s9999 xx 000 0 ara d | ||
| 040 |
_aGCL / _cGCL |
||
| 082 | 0 | 4 |
_a956.708 _bس ع |
| 100 | 1 | _aسيف الخياط | |
| 245 | 1 | 0 |
_aالعقدة والعقيدة : _bقصة الشيعة فى العراق / _cسيف الخياط |
| 250 | _aالاولى | ||
| 260 |
_aالقاهرة : _bمكتبة مدبولى ، _c2006 |
||
| 300 |
_a207 ص ؛ _c24 سم |
||
| 650 | 0 | 4 | _aالحركات الفكرية عند المسلمين |
| 650 | 0 | 4 | _aالعراق - تاريخ - العصر الحديث |
| 650 | 0 | 4 | _aالعراق - الاحوال السياسية |
| 650 | 0 | 4 | _aعقائد الشيعة - العراق |
| 650 | 0 | 4 | _aالشيعة - العراق |
| 650 | 0 | 4 | _aالعراق - الوضع الدولى |
| 942 |
_2ddc _cBK |
||
| 999 |
_c9521 _d9521 |
||